|
|
|
|
| LEADER |
00000nam a2200000 a 4500 |
| 001 |
vtls011556346 |
| 003 |
SK-MaSNL |
| 005 |
20260311122308.0 |
| 008 |
240318s2008 bu hoa 000 0 bul |
| 015 |
|
|
|a SNBZSA2016/12
|
| 020 |
|
|
|a 9789542803676
|q (brožované)
|
| 035 |
|
|
|a 35B2A5B3-5FAC-4833-94B4-D9586265508C
|
| 035 |
|
|
|a urn:nbn:sk:snk-amyfz9
|
| 035 |
|
|
|a urn:nbn:sk:snk-am00cloo
|
| 040 |
|
|
|a SNK
|b slo
|c SNK
|e AACR2
|
| 041 |
0 |
|
|a bul
|
| 043 |
|
|
|a e-cs---
|a e-bu---
|
| 044 |
|
|
|a bu
|c BG
|
| 072 |
|
7 |
|a 94(437)
|x Dejiny Česka a Slovenska
|2 konspekt
|
| 080 |
|
|
|a 341.324
|2 2011
|
| 080 |
|
|
|a 94(437)"1968"
|2 2011
|
| 080 |
|
|
|a 355.1
|2 2011
|
| 080 |
|
|
|a (437)
|2 2011
|
| 080 |
|
|
|a (497.2)
|2 2011
|
| 080 |
|
|
|a (0:82-94)
|2 2011
|
| 080 |
|
|
|a (092)
|2 2011
|
| 100 |
1 |
|
|a Angelov, Trifon
|4 aut
|9 342060
|
| 245 |
1 |
0 |
|a Čechoslovaški dnevnik 1968
|c Trifon Angelov
|
| 250 |
|
|
|a Bălgarska părvo izdanije
|
| 260 |
|
|
|a Sofija
|b Siela
|c 2008
|
| 300 |
|
|
|a 137 s.
|b faksim., fotogr., ilustr.
|c 16 cm
|
| 648 |
|
7 |
|a 20. stor.
|2 SNKPH
|9 275975
|
| 648 |
|
7 |
|a 1968-1989
|2 SNK
|9 313180
|
| 650 |
0 |
7 |
|a okupácia
|2 SNKPH
|9 4467
|
| 650 |
0 |
7 |
|a Occupation
|2 SNKPHeng
|9 306595
|
| 650 |
0 |
7 |
|a August (1968 : Československo)
|2 SNKPH
|9 68467
|
| 650 |
0 |
7 |
|a Czechoslovakia, Intervention, 1968
|2 SNKPH
|9 276991
|
| 650 |
0 |
7 |
|a ozbrojené sily
|2 SNKPH
|9 1644
|
| 650 |
0 |
7 |
|a Armed forces
|2 SNKPHeng
|9 267750
|
| 651 |
|
7 |
|a Československo
|2 SNKPH
|9 21376
|
| 651 |
|
7 |
|a Czechoslovakia
|2 SNKPHeng
|9 265183
|
| 651 |
|
7 |
|a Bulharsko
|2 SNKPH
|9 20172
|
| 651 |
|
7 |
|a Bulgaria
|2 SNKPHeng
|9 266332
|
| 655 |
|
7 |
|a spomienky
|2 SNKPH
|9 29509
|
| 655 |
|
7 |
|a Reminiscences
|2 SNKPHeng
|9 93477
|
| 655 |
|
7 |
|a biografie
|2 SNKPH
|9 27965
|
| 655 |
|
7 |
|a Biography
|2 SNKPHeng
|9 266314
|
| 919 |
|
|
|a 978-954-28-0367-6
|
| 958 |
|
|
|a ZS
|
| 958 |
|
|
|a NB
|
| 999 |
|
|
|c 587341
|d 589271
|
| 952 |
|
|
|a SNK
|b SNK
|y PREZ
|7 0
|p 17A1124896
|o snkSD 85304
|i snk2016/13980
|8 3
|g 48.62
|0 0
|1 0
|4 0
|d 2016-05-31
|f 1
|l 0
|r 2026-02-23 15:13:33
|w 2026-02-23
|